|
|
|
|
| LEADER |
01481nam a2200313 u 4500 |
| 001 |
10030225 |
| 003 |
upatras |
| 005 |
20210117210029.0 |
| 008 |
990928s gr gre |
| 020 |
|
|
|a 960248165X
|
| 040 |
|
|
|a ΠΑΝΕΠΙΣΤΗΜΙΟ ΠΑΤΡΑΣ
|c ΠΑΝΕΠΙΣΤΗΜΙΟ ΠΑΤΡΑΣ
|
| 041 |
0 |
|
|a gre
|
| 082 |
0 |
4 |
|a 839.822
|
| 100 |
1 |
|
|a Strindberg, August,
|d 1849-1912
|9 8033
|
| 245 |
1 |
0 |
|a Δεσποινίς Τζούλια
|b Η πιο δυνατή
|c Αυγούστου Στρίντμπεργκ; μετάφραση Πέλος Κατσέλης
|c ; πρόλογος Αγγελος Τερζάκης
|
| 246 |
1 |
3 |
|a Η πιο δυνατή
|
| 260 |
|
|
|a Αθήνα
|b Δωδώνη
|c [χ.χ.]
|
| 300 |
|
|
|a 101 σ.
|c 22 εκ.
|
| 490 |
0 |
|
|a Παγκόσμιο θέατρο / Δωδώνη
|v 57
|
| 650 |
|
4 |
|a Παγκόσμια λογοτεχνία
|x Θέατρο
|9 4027
|
| 650 |
|
4 |
|a Σουηδική λογοτεχνία
|x Θέατρο
|9 7057
|
| 700 |
1 |
|
|a Κατσέλης, Πέλος
|4 trl
|9 109829
|
| 700 |
1 |
|
|9 6647
|a Τερζάκης, 'Αγγελος,
|d 1907-1979
|4 aui
|
| 760 |
0 |
|
|a Παγκόσμιο Θέατρο
|g 57
|
| 852 |
|
|
|a GR-PaULI
|b ΠΑΤΡΑ
|b ΘΕΑΤΡΟΛΟΓΙΑ
|k ΑΣΧΕ
|h 839.822 S
|m 051300
|p 025000068562
|t 1
|
| 942 |
|
|
|2 ddc
|c BK15
|
| 952 |
|
|
|0 0
|1 0
|4 0
|6 839_822000000000000_S
|7 0
|9 199013
|a THST
|b THST
|d 2016-04-24
|i 051300
|l 0
|o 839.822 S
|p 025000068562
|r 2016-04-24 00:00:00
|t 1
|w 2016-04-24
|y BK15
|
| 998 |
|
|
|c ΔΡΑΚΟΠΟΥΛΟΥ
|d 1999-09
|
| 999 |
|
|
|c 122123
|d 122123
|